[Event "GER-ch U10"]
[Site "Willingen"]
[Date "2022.06.10"]
[Round "9"]
[White "Rinke, Alexander"]
[Black "Li, Joshua"]
[Result "0-1"]
[WhiteElo "1292"]
[BlackElo "1211"]
[PlyCount "96"]
[EventDate "2022.06.04"]
[EventType "swiss"]
[EventRounds "11"]
[EventCountry "GER"]
[SourceTitle "CBM 208 Extra"]
[Source "ChessBase"]
[SourceDate "2022.07.31"]
[SourceVersion "1"]
[SourceVersionDate "2022.07.31"]
[SourceQuality "1"]

1. e4 c5 2. Nf3 e6 3. c3 Nc6 4. d4 cxd4 5. cxd4 d5 6. e5 Qb6 7. a3 Nge7 8. b4 Nf5 9. Bb2 a5 10. b5 Be7 11. Ra2 Na7 12. Nc3 Bd7 13. a4 0-0 14. Bd3 g6 15. Bxf5 gxf5 16. Bc1 Be8 17. Bh6 Bb4 18. Rc2 Bxb5 19. axb5 Rfc8 20. Qd2 Qd8 21. Bg5 Rxc3 22. Rxc3 Nxb5 23. Bxd8 Bxc3 24. Qxc3 Nxc3 25. Be7 a4 26. Kd2 Nb5 27. Rb1 a3 28. Ra1 Ra4 29. Bc5 Ra6 30. Kc2 b6 31. Bd6 Nxd6 32. exd6 Kf8 33. Kb3 b5 34. Rxa3 Rxd6 35. Kb4 Rc6 36. Rc3 Rc4+ 37. Rxc4 bxc4 38. Ne5 Ke7 39. Nxc4 dxc4 40. Kxc4 Kd6 41. f4 h5 42. g3 Kc6 43. d5+ exd5+ 44. Kd4 f6 45. h3 Kd6 46. h4 Kc6 47. Kd3 Kc5 48. Ke3 Kc4 0-1